| 000 | 00321nam a22001097a 4500 | ||
|---|---|---|---|
| 008 | 230704b xxu||||| |||| 00| 0 eng d | ||
| 082 |
_a362.1 _bKEW 2015 |
||
| 245 | _aSustaining Parliamentary Action to Improve Sexual and Reproductive Health and Rights in Kenya | ||
| 260 |
_bKEWOPA _c2015 |
||
| 300 | _a56p | ||
| 942 |
_2ddc _cBK |
||
| 999 |
_c3748 _d3748 |
||